000 00465nam a22001697a 4500
003 NUST - PNEC
005 20170116181136.0
008 151007b xxu||||| |||| 00| 0 eng d
020 _a-
040 _cLIBRARY
082 _a954.051 SAG
100 _914277
_aSagar, Tariq Ismail
245 _aOperation blue star
_cTariq Ismail Sagar
260 _aLahore:
_bSagar Publications,
_c2001
650 _914278
_aHistory Pak o Hind in Urdu
_xGeneral
942 _2ddc
_cBK
999 _c70218
_d70218